Tate McRae - Paroles NOBODY'S GIRL - Statistiques

Statistiques générales
  • Ce quiz a été pris 50 fois
  • Le résultat moyen est 312 sur 403
Statistiques - réponses
Hint Réponse % Correct
a
100%
Ah
100%
I
100%
"I
100%
it
100%
it,
100%
it),
100%
it?
100%
No,
100%
no
100%
nobody
100%
oh
100%
oh)
100%
(Ooh
100%
so,
100%
so
100%
"So
100%
(so
100%
the
100%
woah)
100%
(Woah
100%
you
100%
you,"
100%
girl,
95%
girl
95%
girl)
95%
me
95%
much,
95%
much
95%
much)
95%
nobody's
95%
Bridge Nobody's
95%
(nobody's
95%
to
95%
am
91%
an
91%
Intro Love
91%
I'm
91%
(I'm
91%
in
91%
love
91%
Love
91%
City
86%
Does
86%
does
86%
exactly
86%
(Exactly
86%
(exactly
86%
It's
86%
it's
86%
my
86%
New
86%
new
86%
on
86%
what
86%
when
86%
When
86%
York
86%
and
82%
Pré-refrain And
82%
cherry
82%
Couplet 1 Got
82%
drop
82%
got
82%
mess
82%
Money
82%
top
82%
up?
82%
mean
77%
wanted,
77%
wanted
77%
wanted)
77%
heart
73%
hot,
73%
like
73%
like,
73%
mind
73%
mirror,
73%
smart,
73%
tour
73%
Baby,
68%
(Baby,
68%
But
68%
head
68%
Look
68%
say,
68%
tonight
68%
was
68%
Every
64%
Mentally
64%
open
64%
please,
64%
things
64%
why
64%
your
64%
angels
59%
busy
59%
career
59%
doesn't
59%
everything
59%
side?
59%
side?)
59%
Some
59%
times
59%
wonder
59%
ask,
55%
cry,
55%
else?
55%
fun
55%
gotta
55%
Gotta
55%
Couplet 2 How
55%
keep
55%
little
55%
many
55%
more
55%
need,
55%
need
55%
right
55%
sad
55%
see
55%
someone
55%
wings"
55%
22,
50%
clip
50%
door
50%
had
50%
lost
50%
(lost
50%
one
50%
"Real
50%
Said,
50%
shift
50%
They
50%
think
50%
witty"
50%
20
45%
affection
45%
can
45%
did
45%
done
45%
get
45%
needed
45%
needed)
45%
Now
45%
sayin'
45%
sing
45%
won't
45%
At
41%
calls,
41%
fancy
41%
into
41%
job
41%
myself
41%
of
41%
opens
41%
sore
41%
That
41%
there's
41%
Refrain Yeah,
41%
(Yeah,
41%
God
36%
know
36%
shape
36%
universe
36%
wrong
36%
closes,
32%
never
32%
or
32%
put
32%
serious
32%
Thank
32%
Told
32%
healers
27%
help
27%
mankind
27%
Saw,
27%
tear's
27%
fight
23%
gun
23%
I'll
23%
none
23%
second
23%
line
18%
art
14%
show,
9%
turns
9%
Aucun quiz correspondant
Distribution des résultats
% des personnes avec chaque résultat
Percentile par nombre de réponses
Votre historique - résultats
Vous n’avez pas pris ce quiz